Business Law (Record no. 10837)

MARC details
000 -LEADER
fixed length control field 00372nam a2200157Ia 4500
008 - FIXED-LENGTH DATA ELEMENTS--GENERAL INFORMATION
fixed length control field 191201s2011 xx 000 0 und d
082 ## - DEWEY DECIMAL CLASSIFICATION NUMBER
Classification number 658.12
Item number KUB
100 ## - MAIN ENTRY--PERSONAL NAME
Personal name KUCHHAL, M.C.
245 #0 - TITLE STATEMENT
Title Business Law
250 ## - EDITION STATEMENT
Edition statement 7th
260 ## - PUBLICATION, DISTRIBUTION, ETC. (IMPRINT)
Place of publication, distribution, etc New delhi
Name of publisher, distributor, etc Vikas Publication House
Date of publication, distribution, etc 2021
300 ## - PHYSICAL DESCRIPTION
Extent 449
650 ## - SUBJECT ADDED ENTRY--TOPICAL TERM
Topical term or geographic name as entry element B Com
700 ## - ADDED ENTRY--PERSONAL NAME
Personal name KUCHHAL, Vivek
942 ## - ADDED ENTRY ELEMENTS (KOHA)
Source of classification or shelving scheme Dewey Decimal Classification
Koha item type Text Books
942 ## - ADDED ENTRY ELEMENTS (KOHA)
-- 6
Holdings
Withdrawn status Lost status Source of classification or shelving scheme Damaged status Not for loan Collection code Home library Current library Date acquired Source of acquisition Currency Cost, normal purchase price Bill Number Total Checkouts Full call number Acc. no. / Barcode Date last seen Date last borrowed Actual Cost, discounted price Bill Date Koha item type
    Dewey Decimal Classification     B.Com PIET NCR College Library PIET NCR College Library 31/07/2021 Kirti Prakashan IN Rupees 450.00 IN2312 5 658.12 KUB N1846 11/12/2025 03/12/2025 301.50 31/07/2021 Text Books
    Dewey Decimal Classification     B.Com PIET NCR College Library PIET NCR College Library 31/07/2021 Kirti Prakashan IN Rupees 450.00 IN2312 10 658.12 KUB N1847 19/01/2026 28/10/2024 301.50 31/07/2021 Text Books

Design & Developed by: PIET Central Library
R70 Miles Stone Pattikalyana Samalkha Panipat 132102
mail ID :- [email protected], Phone No:- 0180-2569700 Ex.216